[Event "Sharjah Masters 3rd"]
[Site "Sharjah"]
[Date "2019.03.30"]
[Round "9"]
[White "Kuybokarov, Temur"]
[Black "Fenil, Shah"]
[Result "1-0"]
[WhiteElo "2519"]
[BlackElo "2360"]
[PlyCount "71"]
[EventDate "2019.03.22"]
[EventType "swiss"]
[EventRounds "9"]
[EventCountry "UAE"]
[SourceTitle "CBM 189 Extra"]
[Source "ChessBase"]
[SourceDate "2019.05.31"]
[SourceVersion "1"]
[SourceVersionDate "2019.05.31"]
[SourceQuality "1"]

1. d4 d5 2. c4 e6 3. Nf3 a6 4. Nbd2 Nf6 5. g3 dxc4 6. Nxc4 b5 7. Na5 c5 8. Bd2 b4 9. Nc4 Bb7 10. Bg2 Be7 11. 0-0 0-0 12. Bg5 Nbd7 13. dxc5 Nxc5 14. Qxd8 Rfxd8 15. Na5 Be4 16. Ne5 Bxg2 17. Kxg2 Nce4 18. Nec6 Nxg5 19. Nxe7+ Kf8 20. Nec6 Rd2 21. Nc4 Rxe2 22. h4 Nge4 23. Rac1 e5 24. Kf3 Rd2 25. Ke3 Rd5 26. Nb6 Rad8 27. Nxd5 Rxd5 28. Nxb4 Rd2 29. Nd3 h5 30. Rc4 Ng4+ 31. Kxe4 f5+ 32. Kxf5 Rxd3 33. f3 Rd6 34. fxg4 Rf6+ 35. Kxe5 Rxf1 36. Rf4+ 1-0

[Event "Sharjah Masters 3rd"]
[Site "Sharjah"]
[Date "2019.03.28"]
[Round "7"]
[White "Megaranto, Susanto"]
[Black "Fenil, Shah"]
[Result "1-0"]
[WhiteElo "2526"]
[BlackElo "2360"]
[PlyCount "111"]
[EventDate "2019.03.22"]
[EventType "swiss"]
[EventRounds "9"]
[EventCountry "UAE"]
[SourceTitle "CBM 189 Extra"]
[Source "ChessBase"]
[SourceDate "2019.05.31"]
[SourceVersion "1"]
[SourceVersionDate "2019.05.31"]
[SourceQuality "1"]

1. c4 c5 2. Nf3 Nf6 3. g3 Nc6 4. Bg2 d5 5. cxd5 Nxd5 6. 0-0 e5 7. Nc3 Nc7 8. a3 Rb8 9. d3 Be7 10. Be3 0-0 11. Rc1 b6 12. Nd2 Nd4 13. Nc4 f6 14. a4 a6 15. Ne4 Nce6 16. a5 bxa5 17. Ra1 Bd7 18. Nc3 Nc7 19. Rxa5 Be6 20. Bc1 Rb4 21. Ra3 Qd7 22. Re1 Rd8 23. Na5 Rb6 24. Na4 Rb5 25. Nc3 Rb6 26. Ra4 Nb3 27. Nc4 Rbb8 28. Nd2 Nxd2 29. Qxd2 c4 30. Rd1 cxd3 31. Qe1 Bb3 32. Rxd3 Bxa4 33. Rxd7 Bxd7 34. Be4 Be6 35. Bd3 f5 36. f3 Bc5+ 37. Kg2 a5 38. Bg5 Rd7 39. Na4 Bb4 40. Qc1 h6 41. Be3 Nd5 42. Bf2 Rc7 43. Qb1 Ne7 44. b3 Bd6 45. Qe1 Bb4 46. Qa1 Nc6 47. Nc5 Bxc5 48. Bxc5 Rxb3 49. Qa2 Bf7 50. Qa4 Rb2 51. Bd6 Rb4 52. Bxb4 axb4 53. Bxf5 g6 54. Be4 Nd4 55. Qxb4 Kg7 56. Qd6 1-0

[Event "Ho Chi Minh City HD Bank op 9th"]
[Site "Ho Chi Minh City"]
[Date "2019.03.13"]
[Round "9"]
[White "Fenil, Shah"]
[Black "Bulmaga, Irina"]
[Result "0-1"]
[WhiteElo "2360"]
[BlackElo "2424"]
[PlyCount "56"]
[EventDate "2019.03.07"]
[EventType "swiss"]
[EventRounds "9"]
[EventCountry "VIE"]
[SourceTitle "CBM 189 Extra"]
[Source "ChessBase"]
[SourceDate "2019.05.31"]
[SourceVersion "1"]
[SourceVersionDate "2019.05.31"]
[SourceQuality "1"]

1. e4 e5 2. Bc4 Nf6 3. d3 Nc6 4. Nf3 Bc5 5. 0-0 d6 6. c3 a6 7. Bb3 Ba7 8. Nbd2 h6 9. Re1 g5 10. Nc4 g4 11. Nfd2 h5 12. Nf1 h4 13. d4 g3 14. hxg3 hxg3 15. Nxg3 Ng4 16. Qf3 Rh7 17. Ne3 Qh4 18. Nd5 exd4 19. Nxc7+ Kd8 20. Nxa8 Nce5 21. Qf4 Qh2+ 22. Kf1 d3 23. Qg5+ f6 24. Qg8+ Ke7 25. Qxh7+ Qxh7 26. Nc7 Nh2+ 27. Kg1 Nef3+ 28. gxf3 Nxf3+ 0-1

[Event "Ho Chi Minh City HD Bank op 9th"]
[Site "Ho Chi Minh City"]
[Date "2019.03.10"]
[Round "5"]
[White "Fenil, Shah"]
[Black "Pichot, Alan"]
[Result "1/2-1/2"]
[WhiteElo "2360"]
[BlackElo "2584"]
[PlyCount "59"]
[EventDate "2019.03.07"]
[EventType "swiss"]
[EventRounds "9"]
[EventCountry "VIE"]
[SourceTitle "CBM 189 Extra"]
[Source "ChessBase"]
[SourceDate "2019.05.31"]
[SourceVersion "1"]
[SourceVersionDate "2019.05.31"]
[SourceQuality "1"]

1. e4 e5 2. Nf3 Nc6 3. Bc4 Bc5 4. 0-0 Nf6 5. d3 d6 6. a4 a6 7. c3 Ba7 8. Re1 h6 9. Nbd2 0-0 10. h3 Ne7 11. Nf1 Ng6 12. Ng3 c6 13. d4 Re8 14. dxe5 dxe5 15. Qxd8 Rxd8 16. a5 Ne8 17. Nf5 Nd6 18. Nxd6 Rxd6 19. Be3 Bxe3 20. Rxe3 Kf8 21. Ree1 f6 22. Rad1 Rxd1 23. Rxd1 Ke7 24. Nd2 Nf4 25. Nf1 h5 26. h4 Ng6 27. Be2 Nf4 28. Bc4 Ng6 29. Be2 Nf4 30. Bc4 1/2-1/2

[Event "Ho Chi Minh City HD Bank op 9th"]
[Site "Ho Chi Minh City"]
[Date "2019.03.09"]
[Round "4"]
[White "Ma, Ling"]
[Black "Fenil, Shah"]
[Result "1/2-1/2"]
[WhiteElo "2122"]
[BlackElo "2360"]
[PlyCount "39"]
[EventDate "2019.03.07"]
[EventType "swiss"]
[EventRounds "9"]
[EventCountry "VIE"]
[SourceTitle "CBM 189 Extra"]
[Source "ChessBase"]
[SourceDate "2019.05.31"]
[SourceVersion "1"]
[SourceVersionDate "2019.05.31"]
[SourceQuality "1"]

1. d4 d5 2. c4 e6 3. Nf3 Nf6 4. Nc3 Bb4 5. Bd2 0-0 6. e3 c5 7. a3 Bxc3 8. Bxc3 cxd4 9. Bxd4 Nc6 10. Rc1 Re8 11. cxd5 Nxd5 12. Bc4 Qa5+ 13. Qd2 Qxd2+ 14. Kxd2 Rd8 15. Ke2 Na5 16. Bxd5 exd5 17. Rc7 Rd7 18. Rhc1 Nc4 19. Rxd7 Bxd7 20. Ne5 1/2-1/2

[Event "Ho Chi Minh City HD Bank op 9th"]
[Site "Ho Chi Minh City"]
[Date "2019.03.08"]
[Round "2"]
[White "Li, Yankai"]
[Black "Fenil, Shah"]
[Result "1/2-1/2"]
[WhiteElo "2434"]
[BlackElo "2360"]
[PlyCount "112"]
[EventDate "2019.03.07"]
[EventType "swiss"]
[EventRounds "9"]
[EventCountry "VIE"]
[SourceTitle "CBM 189 Extra"]
[Source "ChessBase"]
[SourceDate "2019.05.31"]
[SourceVersion "1"]
[SourceVersionDate "2019.05.31"]
[SourceQuality "1"]

1. d4 d5 2. c4 e6 3. Nf3 Nf6 4. g3 Be7 5. Bg2 0-0 6. 0-0 dxc4 7. Qc2 b6 8. Qxc4 Bb7 9. Nc3 c5 10. dxc5 Qc8 11. Bg5 Nbd7 12. Rac1 Qxc5 13. Qxc5 Nxc5 14. Ne5 Bxg2 15. Kxg2 Nd5 16. Bxe7 Nxe7 17. b4 Na6 18. a3 f6 19. Nf3 Nc7 20. Ne4 Ned5 21. Rc6 a5 22. Nd6 axb4 23. e4 bxa3 24. exd5 Nxd5 25. Ra1 a2 26. Rc2 Nb4 27. Rc4 Nd5 28. Nd4 e5 29. Ne6 Rfb8 30. Nc7 Nxc7 31. Rxc7 b5 32. Rc2 Ra6 33. Ne4 Ra4 34. Nd2 Rba8 35. Nb3 b4 36. Nc1 Kf7 37. Raxa2 Rxa2 38. Rxa2 Rxa2 39. Nxa2 b3 40. Nc3 Ke6 41. Kf3 f5 42. Ke3 Kd6 43. f4 exf4+ 44. gxf4 h6 45. Kd4 g5 46. Kc4 b2 47. Kb3 gxf4 48. Kxb2 f3 49. Nd1 Ke5 50. Kc3 f2 51. Nxf2 Kf4 52. Kd4 Kf3 53. Ke5 Kxf2 54. Kxf5 Kf3 55. h4 h5 56. Kg5 Ke4 1/2-1/2

[Event "Lienz op 20th"]
[Site "Lienz"]
[Date "2019.02.13"]
[Round "6"]
[White "Fenil, Shah"]
[Black "Lumachi, Gabriele"]
[Result "0-1"]
[WhiteElo "2384"]
[BlackElo "2231"]
[PlyCount "59"]
[EventDate "2019.02.09"]
[EventType "swiss"]
[EventRounds "9"]
[EventCountry "AUT"]
[SourceTitle "CBM 188 Extra"]
[Source "ChessBase"]
[SourceDate "2019.02.28"]
[SourceVersion "1"]
[SourceVersionDate "2019.02.28"]
[SourceQuality "1"]

1. e4 e5 2. Bc4 Nf6 3. Nc3 Bc5 4. d3 d6 5. f4 Nc6 6. Nf3 0-0 7. f5 h6 8. Nd5 Nh7 9. a3 a5 10. c3 Ba7 11. Qe2 Nb8 12. Ne3 c6 13. Ng4 Nd7 14. Ba2 Ndf6 15. Nf2 Re8 16. Be3 d5 17. Bxa7 Rxa7 18. g4 b5 19. h4 Qb6 20. Rg1 b4 21. g5 Nh5 22. gxh6 Nf4 23. Rxg7+ Kh8 24. Qd2 f6 25. axb4 axb4 26. cxb4 Ra4 27. Ng4 Nh5 28. Ngxe5 fxe5 29. Qg5 Nxg5 30. Nxg5 0-1

[Event "Lienz op 20th"]
[Site "Lienz"]
[Date "2019.02.09"]
[Round "1"]
[White "Thipsay, Bagyashree Sathe"]
[Black "Fenil, Shah"]
[Result "1-0"]
[WhiteElo "2062"]
[BlackElo "2384"]
[PlyCount "65"]
[EventDate "2019.02.09"]
[EventType "swiss"]
[EventRounds "9"]
[EventCountry "AUT"]
[SourceTitle "CBM 188 Extra"]
[Source "ChessBase"]
[SourceDate "2019.02.28"]
[SourceVersion "1"]
[SourceVersionDate "2019.02.28"]
[SourceQuality "1"]

1. e4 c5 2. Nf3 e6 3. d4 cxd4 4. Nxd4 Nc6 5. Nc3 Qc7 6. f4 d6 7. Be3 Nf6 8. Be2 Be7 9. 0-0 0-0 10. Qe1 a6 11. Qg3 Nxd4 12. Bxd4 b5 13. a3 Bb7 14. Rae1 Rad8 15. Bd3 Rd7 16. Qh3 e5 17. Be3 Qd8 18. Kh1 Bc8 19. Nd5 Rb7 20. Nxe7+ Qxe7 21. f5 Rd7 22. Bg5 d5 23. Re3 dxe4 24. Rxe4 h6 25. Rh4 Rd4 26. Rxd4 exd4 27. Bd2 Ne4 28. Bb4 Nc5 29. f6 Qe5 30. Bf5 Bb7 31. Re1 Ne4 32. Bxe4 Re8 33. Bh7+ 1-0

[Event "Paracin Winter GM"]
[Site "Paracin"]
[Date "2019.02.05"]
[Round "8"]
[White "Fenil, Shah"]
[Black "Lazic, Miroljub"]
[Result "1-0"]
[WhiteElo "2384"]
[BlackElo "2446"]
[PlyCount "91"]
[EventDate "2019.01.31"]
[EventType "tourn"]
[EventRounds "9"]
[EventCountry "SRB"]
[EventCategory "6"]
[SourceTitle "CBM 188 Extra"]
[Source "ChessBase"]
[SourceDate "2019.02.28"]
[SourceVersion "1"]
[SourceVersionDate "2019.02.28"]
[SourceQuality "1"]

1. d4 d6 2. Nf3 Bg4 3. c4 c6 4. Nc3 Nd7 5. e4 e5 6. Be2 Be7 7. 0-0 a6 8. d5 c5 9. Ne1 Bxe2 10. Qxe2 Bg5 11. Nd3 Bxc1 12. Raxc1 Ngf6 13. f4 exf4 14. e5 dxe5 15. Nxe5 0-0 16. Nxd7 Nxd7 17. Rxf4 Re8 18. Qf2 b5 19. b3 Ne5 20. Qg3 bxc4 21. bxc4 Ra7 22. Rd1 Rae7 23. h3 Ng6 24. Rf3 Re5 25. Qf2 Qc7 26. d6 Qd7 27. Nd5 Qa4 28. Qf1 f6 29. a3 Rd8 30. Nc7 Re4 31. Rf5 Qxa3 32. Qf3 Qa4 33. Rxc5 Ne5 34. Qf1 Nxc4 35. Ra1 Qb3 36. Qf3 Qb6 37. Nxa6 Nxd6 38. Kh2 Rd4 39. Rc6 Qb2 40. Re1 Nf7 41. Rc7 Ne5 42. Rxe5 R4d7 43. Re7 Rxc7 44. Rxc7 Qd4 45. Nc5 f5 46. Ne6 1-0

[Event "Paracin Winter GM"]
[Site "Paracin"]
[Date "2019.02.01"]
[Round "2"]
[White "Lajthajm, Borko"]
[Black "Fenil, Shah"]
[Result "1/2-1/2"]
[WhiteElo "2431"]
[BlackElo "2384"]
[PlyCount "101"]
[EventDate "2019.01.31"]
[EventType "tourn"]
[EventRounds "9"]
[EventCountry "SRB"]
[EventCategory "6"]
[SourceTitle "CBM 188 Extra"]
[Source "ChessBase"]
[SourceDate "2019.02.28"]
[SourceVersion "1"]
[SourceVersionDate "2019.02.28"]
[SourceQuality "1"]

1. d4 d5 2. c4 e6 3. Nc3 c6 4. Nf3 dxc4 5. a4 Bb4 6. e3 b5 7. Ne5 Nf6 8. Bd2 a5 9. axb5 Bxc3 10. Bxc3 cxb5 11. b3 Bb7 12. bxc4 b4 13. Bb2 0-0 14. Bd3 Nbd7 15. Nxd7 Qxd7 16. d5 Qe7 17. d6 Qd8 18. 0-0 Bc6 19. Bc2 Re8 20. f4 Nd7 21. Qg4 f6 22. Bd4 a4 23. c5 b3 24. Bd3 Ra5 25. Rac1 a3 26. Bc4 b2 27. Bxe6+ Kh8 28. Rcd1 Nxc5 29. Bf5 Be4 30. Bxe4 Rxe4 31. Qf5 Rxd4 32. exd4 a2 33. dxc5 a1Q 34. d7 b1Q 35. Qxb1 Qxb1 36. Rxb1 Rxc5 37. Rfd1 h5 38. Rb3 Rc7 39. Rbd3 Kh7 40. Rd4 f5 41. h3 h4 42. Kh1 Ra7 43. Rd5 g6 44. Rd6 Kg7 45. R6d4 Kf7 46. Kg1 Rc7 47. Kh1 Rb7 48. Rd5 Ra7 49. R5d4 Rc7 50. Kg1 Kg7 51. Kh1 1/2-1/2

[Event "Novi Sad TS IM 102nd"]
[Site "Novi Sad"]
[Date "2019.01.24"]
[Round "11"]
[White "Fenil, Shah"]
[Black "Popchev, Milko"]
[Result "0-1"]
[WhiteElo "2400"]
[BlackElo "2251"]
[PlyCount "88"]
[EventDate "2019.01.19"]
[EventType "tourn"]
[EventRounds "11"]
[EventCountry "SRB"]
[EventCategory "6"]
[SourceTitle "CBM 188 Extra"]
[Source "ChessBase"]
[SourceDate "2019.02.28"]
[SourceVersion "1"]
[SourceVersionDate "2019.02.28"]
[SourceQuality "1"]

1. d4 e6 2. Nc3 d5 3. Bf4 f5 4. e3 c6 5. Nf3 Nf6 6. Be2 Be7 7. Ne5 Nbd7 8. h3 0-0 9. a3 Ne4 10. Nxe4 fxe4 11. Nxd7 Qxd7 12. c4 Bd6 13. g3 Qe7 14. Qd2 Bd7 15. h4 Be8 16. Qc3 Bf7 17. c5 Bc7 18. Be5 Bxe5 19. dxe5 Qc7 20. g4 Be8 21. Rh3 Bd7 22. f4 exf3 23. Bxf3 Rf7 24. Be2 Raf8 25. Rh2 Qd8 26. Qd4 Qe7 27. Rc1 Rb8 28. Qa4 Qd8 29. Kd2 Qc7 30. Qd4 Rbf8 31. Ke1 Be8 32. b4 Qd8 33. Rd1 Rd7 34. Bd3 Bg6 35. Bxg6 hxg6 36. Ke2 Rdf7 37. h5 gxh5 38. Rdh1 h4 39. Rxh4 Rf2+ 40. Ke1 Rf1+ 41. Rxf1 Qxh4+ 42. Ke2 Qh2+ 43. Ke1 Qg3+ 44. Ke2 Qg2+ 0-1

[Event "Novi Sad TS IM 102nd"]
[Site "Novi Sad"]
[Date "2019.01.24"]
[Round "10"]
[White "Thilakarathne, GM Harshana"]
[Black "Fenil, Shah"]
[Result "1/2-1/2"]
[WhiteElo "2435"]
[BlackElo "2400"]
[PlyCount "55"]
[EventDate "2019.01.19"]
[EventType "tourn"]
[EventRounds "11"]
[EventCountry "SRB"]
[EventCategory "6"]
[SourceTitle "CBM 188 Extra"]
[Source "ChessBase"]
[SourceDate "2019.02.28"]
[SourceVersion "1"]
[SourceVersionDate "2019.02.28"]
[SourceQuality "1"]

1. e4 c6 2. d4 d5 3. e5 Bf5 4. Nf3 e6 5. Be2 c5 6. 0-0 Nc6 7. c3 cxd4 8. Nxd4 Nge7 9. Bb5 a6 10. Bxc6+ bxc6 11. c4 Qd7 12. Nc3 dxc4 13. Nxf5 Qxd1 14. Nxd1 Nxf5 15. Ne3 c3 16. bxc3 Bc5 17. Nxf5 exf5 18. Be3 Bxe3 19. fxe3 g6 20. e4 fxe4 21. Rae1 0-0 22. Rxe4 Rfe8 23. Rf6 Rab8 24. Rxc6 Rb1+ 25. Kf2 Rb2+ 26. Kf3 Rxa2 27. Rc7 Ra5 28. Rf4 1/2-1/2

[Event "Riga Tech op 8th"]
[Site "Riga"]
[Date "2018.08.07"]
[Round "3"]
[White "Fenil, Shah"]
[Black "Povilaitis, Tomas"]
[Result "1/2-1/2"]
[WhiteElo "2412"]
[BlackElo "1804"]
[PlyCount "39"]
[EventDate "2018.08.06"]
[EventType "swiss"]
[EventRounds "9"]
[EventCountry "LAT"]
[SourceTitle "CBM 185 Extra"]
[Source "ChessBase"]
[SourceDate "2018.07.29"]
[SourceVersion "1"]
[SourceVersionDate "2018.07.29"]
[SourceQuality "1"]

1. d4 Nf6 2. Nf3 d5 3. e3 Bf5 4. c4 e6 5. Nc3 c6 6. Qb3 Qb6 7. c5 Qc7 8. Qa4 Be7 9. b4 0-0 10. b5 Nbd7 11. Bb2 h6 12. h3 e5 13. Be2 exd4 14. exd4 Ne4 15. 0-0 Ng5 16. Rfe1 Rfe8 17. bxc6 bxc6 18. Ba3 Bf6 19. Rad1 Re6 20. Bb4 1/2-1/2

[Event "Riga Tech op 8th"]
[Site "Riga"]
[Date "2018.08.06"]
[Round "1"]
[White "Fenil, Shah"]
[Black "Lahav, Michal"]
[Result "1-0"]
[WhiteElo "2412"]
[BlackElo "2131"]
[PlyCount "21"]
[EventDate "2018.08.06"]
[EventType "swiss"]
[EventRounds "9"]
[EventCountry "LAT"]
[SourceTitle "CBM 185 Extra"]
[Source "ChessBase"]
[SourceDate "2018.07.29"]
[SourceVersion "1"]
[SourceVersionDate "2018.07.29"]
[SourceQuality "1"]

1. d4 Nf6 2. Nc3 e6 3. Bf4 Be7 4. Nf3 0-0 5. e4 d5 6. Bd3 b6 7. h4 Ba6 8. e5 Nfd7 9. Bxh7+ Kh8 10. Ng5 g6 11. Qg4 1-0

[Event "Pardubice Czech op-A 29th"]
[Site "Pardubice"]
[Date "2018.07.24"]
[Round "5"]
[White "Fenil, Shah"]
[Black "Jarmula, Lukasz"]
[Result "0-1"]
[WhiteElo "2411"]
[BlackElo "2512"]
[PlyCount "80"]
[EventDate "2018.07.20"]
[EventType "swiss"]
[EventRounds "9"]
[EventCountry "CZE"]
[SourceTitle "CBM 185 Extra"]
[Source "ChessBase"]
[SourceDate "2018.07.29"]
[SourceVersion "1"]
[SourceVersionDate "2018.07.29"]
[SourceQuality "1"]

1. e4 e6 2. d4 d5 3. Nd2 c5 4. exd5 Qxd5 5. dxc5 Bxc5 6. Ngf3 Nf6 7. Bc4 Qc6 8. Qe2 0-0 9. 0-0 a6 10. Bd3 Nbd7 11. Ne4 Nxe4 12. Bxe4 Qc7 13. Bg5 f5 14. Bd3 e5 15. Bc4+ Kh8 16. Bd2 e4 17. Ng5 Nf6 18. g3 h6 19. Nh3 b5 20. Bb3 g5 21. Bc3 Qg7 22. Bd5 Ra7 23. b4 Bb6 24. Kh1 Re7 25. a4 Rd8 26. Rfd1 f4 27. Ng1 e3 28. f3 bxa4 29. Bb2 fxg3 30. hxg3 Bc7 31. Be4 Rde8 32. Qxe3 Bxg3 33. Qb6 Re6 34. Qc5 Be5 35. Bxe5 Rxe5 36. Qd4 Nxe4 37. fxe4 Bb7 38. Kh2 Bxe4 39. Rd2 g4 40. Kg3 Bxc2 0-1

[Event "Pardubice Czech op-A 29th"]
[Site "Pardubice"]
[Date "2018.07.22"]
[Round "3"]
[White "Fenil, Shah"]
[Black "Machlik, Edit"]
[Result "1-0"]
[WhiteElo "2411"]
[BlackElo "2046"]
[PlyCount "81"]
[EventDate "2018.07.20"]
[EventType "swiss"]
[EventRounds "9"]
[EventCountry "CZE"]
[SourceTitle "CBM 185 Extra"]
[Source "ChessBase"]
[SourceDate "2018.07.29"]
[SourceVersion "1"]
[SourceVersionDate "2018.07.29"]
[SourceQuality "1"]

1. e4 c6 2. Nc3 d5 3. Qe2 d4 4. Nd1 e5 5. d3 c5 6. g3 Nc6 7. f4 Bd6 8. Nf3 Nge7 9. f5 f6 10. Bg2 Bd7 11. g4 h6 12. h4 Qc7 13. c3 0-0-0 14. Bd2 Kb8 15. Rb1 Be8 16. c4 a6 17. a3 Ka8 18. b4 Na7 19. Kf2 Rb8 20. Nb2 b6 21. Qd1 Qd7 22. g5 hxg5 23. hxg5 Rxh1 24. Qxh1 Nec6 25. gxf6 gxf6 26. b5 axb5 27. cxb5 Na5 28. Bxa5 bxa5 29. Nc4 Bf7 30. Qh7 Bf8 31. Nfxe5 fxe5 32. Nxe5 Qc7 33. Nxf7 Qf4+ 34. Kg1 Qe3+ 35. Kh1 Re8 36. e5+ Kb8 37. f6 Nc8 38. b6 c4 39. Nd8 Ne7 40. Nc6+ Nxc6 41. Qc7+ 1-0

[Event "Novi Sad TS GM 75th"]
[Site "Novi Sad"]
[Date "2018.04.12"]
[Round "4"]
[White "Fenil, Shah"]
[Black "Rossi, Aldo A"]
[Result "1-0"]
[WhiteElo "2376"]
[BlackElo "2295"]
[PlyCount "45"]
[EventDate "2018.04.10"]
[EventType "tourn"]
[EventRounds "9"]
[EventCountry "SRB"]
[EventCategory "6"]
[SourceTitle "CBM 184 Extra"]
[Source "ChessBase"]
[SourceDate "2018.06.28"]
[SourceVersion "1"]
[SourceVersionDate "2018.06.28"]
[SourceQuality "1"]

1. e4 e6 2. d4 d5 3. Nd2 Nf6 4. e5 Nfd7 5. c3 c5 6. f4 Nc6 7. Ndf3 Qb6 8. a3 Be7 9. b4 cxd4 10. cxd4 a6 11. Bb2 Qc7 12. Qc2 b5 13. Rc1 Bb7 14. f5 Nb6 15. fxe6 fxe6 16. Nh3 Rc8 17. Bd3 Nc4 18. Bxh7 Nxb2 19. Qg6+ Kd8 20. Nf4 Qb6 21. Nxe6+ Kd7 22. Qf5 Nb8 23. Neg5+ 1-0

[Event "Novi Sad TS GM 75th"]
[Site "Novi Sad"]
[Date "2018.04.12"]
[Round "5"]
[White "Minko, Vladimir"]
[Black "Fenil, Shah"]
[Result "1/2-1/2"]
[WhiteElo "2381"]
[BlackElo "2376"]
[PlyCount "51"]
[EventDate "2018.04.10"]
[EventType "tourn"]
[EventRounds "9"]
[EventCountry "SRB"]
[EventCategory "6"]
[SourceTitle "CBM 184 Extra"]
[Source "ChessBase"]
[SourceDate "2018.06.28"]
[SourceVersion "1"]
[SourceVersionDate "2018.06.28"]
[SourceQuality "1"]

1. d4 d5 2. c4 e6 3. g3 Nf6 4. Bg2 dxc4 5. Nf3 a6 6. 0-0 Nc6 7. e3 Rb8 8. Qe2 b5 9. b3 cxb3 10. axb3 Bb7 11. Bb2 Nb4 12. Nc3 c5 13. Rfd1 Qb6 14. Na2 Nxa2 15. Rxa2 Be7 16. dxc5 Qxc5 17. Rc1 Qh5 18. Nd4 Qxe2 19. Nxe2 Bxg2 20. Kxg2 Ra8 21. Rca1 0-0 22. Rxa6 Rxa6 23. Rxa6 Ne4 24. Rb6 b4 25. Nd4 Rc8 26. Rc6 1/2-1/2

[Event "Novi Sad TS GM 75th"]
[Site "Novi Sad"]
[Date "2018.04.11"]
[Round "2"]
[White "Fenil, Shah"]
[Black "Jacimovic, Dragoljub"]
[Result "1/2-1/2"]
[WhiteElo "2376"]
[BlackElo "2391"]
[PlyCount "41"]
[EventDate "2018.04.10"]
[EventType "tourn"]
[EventRounds "9"]
[EventCountry "SRB"]
[EventCategory "6"]
[SourceTitle "CBM 184 Extra"]
[Source "ChessBase"]
[SourceDate "2018.06.28"]
[SourceVersion "1"]
[SourceVersionDate "2018.06.28"]
[SourceQuality "1"]

1. d4 Nf6 2. Nc3 d5 3. Bf4 c6 4. e3 g6 5. Nf3 Bg7 6. Be2 0-0 7. h4 Bf5 8. Ne5 Nfd7 9. g4 Be6 10. Nd3 c5 11. dxc5 Na6 12. h5 Ndxc5 13. hxg6 fxg6 14. Bh6 Nxd3+ 15. Bxd3 d4 16. Bxg7 Kxg7 17. Ne4 Qa5+ 18. Qd2 Qxd2+ 19. Kxd2 dxe3+ 20. Kxe3 Bxg4 21. Ng5 1/2-1/2

[Event "Novi Sad TS 74th"]
[Site "Novi Sad"]
[Date "2018.04.06"]
[Round "7"]
[White "Fenil, Shah"]
[Black "Michalicka, Milan"]
[Result "1-0"]
[WhiteElo "2376"]
[BlackElo "2172"]
[PlyCount "127"]
[EventDate "2018.04.03"]
[EventType "swiss"]
[EventRounds "9"]
[EventCountry "SRB"]
[SourceTitle "EXT 2019"]
[Source "ChessBase"]
[SourceDate "2018.10.10"]
[SourceVersion "1"]
[SourceVersionDate "2018.10.10"]
[SourceQuality "1"]

1. e4 c5 2. Nf3 g6 3. c3 Bg7 4. d4 cxd4 5. cxd4 d5 6. e5 Bg4 7. Bb5+ Nd7 8. 0-0 e6 9. Nbd2 a6 10. Be2 Ne7 11. h3 Bxf3 12. Nxf3 0-0 13. h4 f6 14. exf6 Nxf6 15. h5 Qd6 16. Ne5 Ne4 17. hxg6 hxg6 18. Nf3 Nf5 19. Bd3 Nxd4 20. Bxe4 dxe4 21. Nxd4 Qxd4 22. Qg4 Rf6 23. Bg5 Rf5 24. Be3 Qf6 25. Qxe4 Rd5 26. Rac1 Rad8 27. Rfe1 Qf5 28. Qb4 R8d7 29. b3 Be5 30. Rc8+ Kh7 31. Qh4+ Qh5 32. Qxh5+ gxh5 33. Re8 Bc3 34. Re2 e5 35. g3 Bd4 36. Kg2 Kg7 37. Bxd4 exd4 38. R8e5 Kf7 39. Rxd5 Rxd5 40. Kf3 Kg6 41. Ke4 Rd7 42. Kd3 Kg5 43. Re4 Rc7 44. Rxd4 Rg7 45. Rc4 Rd7+ 46. Ke3 Re7+ 47. Re4 Rc7 48. Kf3 Rf7+ 49. Kg2 Rc7 50. Re5+ Kg6 51. Kf3 Rc3+ 52. Re3 Rc2 53. Re2 Rc3+ 54. Kf4 Rc6 55. Rd2 Rb6 56. Ke5 Kg5 57. f3 a5 58. Rd6 Rb4 59. f4+ Kg4 60. Rg6+ Kf3 61. f5 a4 62. f6 axb3 63. axb3 Rxb3 64. f7 1-0

[Event "Novi Sad TS 74th"]
[Site "Novi Sad"]
[Date "2018.04.04"]
[Round "3"]
[White "Rogac, Srdjan"]
[Black "Fenil, Shah"]
[Result "1/2-1/2"]
[WhiteElo "2331"]
[BlackElo "2376"]
[PlyCount "49"]
[EventDate "2018.04.03"]
[EventType "swiss"]
[EventRounds "9"]
[EventCountry "SRB"]
[SourceTitle "EXT 2019"]
[Source "ChessBase"]
[SourceDate "2018.10.10"]
[SourceVersion "1"]
[SourceVersionDate "2018.10.10"]
[SourceQuality "1"]

1. e4 c5 2. c3 d6 3. d4 Nf6 4. f3 Nc6 5. Be3 Qb6 6. Qd2 e6 7. dxc5 dxc5 8. Na3 Be7 9. Qf2 Ne5 10. Nh3 0-0 11. Nf4 Qc7 12. Nd3 Ned7 13. Nc4 b5 14. Bf4 Qc6 15. Nce5 Qb6 16. Nxd7 Nxd7 17. Ne5 Nxe5 18. Bxe5 Qc6 19. c4 a6 20. Bd3 f6 21. Bf4 e5 22. Be3 Be6 23. Qe2 b4 24. 0-0 Bd6 25. Rad1 1/2-1/2

[Event "Novi Sad TS 74th"]
[Site "Novi Sad"]
[Date "2018.04.03"]
[Round "1"]
[White "Konstantinov, Aleksandar1"]
[Black "Fenil, Shah"]
[Result "0-1"]
[WhiteElo "2166"]
[BlackElo "2376"]
[PlyCount "80"]
[EventDate "2018.04.03"]
[EventType "swiss"]
[EventRounds "9"]
[EventCountry "SRB"]
[SourceTitle "EXT 2019"]
[Source "ChessBase"]
[SourceDate "2018.10.10"]
[SourceVersion "1"]
[SourceVersionDate "2018.10.10"]
[SourceQuality "1"]

1. c4 e6 2. Nc3 d5 3. cxd5 exd5 4. d4 c6 5. Nf3 Bf5 6. Qb3 Qb6 7. Bf4 Nd7 8. e3 Qxb3 9. axb3 Bc2 10. Nd2 Ngf6 11. Be2 h6 12. h3 Be7 13. 0-0 0-0 14. Rfc1 Bh7 15. Ra4 Rfe8 16. Nf3 a6 17. Ne1 Ne4 18. Nxe4 dxe4 19. Raa1 Nf6 20. Nc2 Nd5 21. Bg3 Rec8 22. Na3 b5 23. Nb1 Nb4 24. Nc3 Bg6 25. Na2 f5 26. Nxb4 Bxb4 27. Be5 Bf7 28. Bd1 Bd5 29. g4 Rf8 30. Bc2 Rf7 31. Rf1 fxg4 32. hxg4 a5 33. Bf4 Rc8 34. Rac1 Rcf8 35. Kg2 Rxf4 36. exf4 Rxf4 37. Bd1 e3+ 38. Kg3 Bd6 39. Kh3 exf2 40. Be2 Re4 0-1